Sight and Sound's 100 Greatest Films of All Time (2022) - Statistics

General Stats
  • This quiz has been taken 86 times
  • The average score is 61 of 100
Answer Stats
Rank Year Director Title % Correct
36 (Tie) 1931 Fritz Lang M
99%
6 1968 Stanley Kubrick 2001: A Space Odyssey
97%
3 1941 Orson Welles Citizen Kane
96%
12 1972 Francis Ford Coppola The Godfather
96%
2 1958 Alfred Hitchcock Vertigo
95%
31 (Tie) 1960 Alfred Hitchcock Psycho
93%
29 1976 Martin Scorsese Taxi Driver
93%
63 (Tie) 1990 Martin Scorsese Goodfellas
92%
20 1954 Akira Kurosawa Seven Samurai
92%
31 (Tie) 1963 Federico Fellini 8 1/2
89%
19 1979 Francis Ford Coppola Apocalypse Now
88%
24 1989 Spike Lee Do the Right Thing
88%
8 2001 David Lynch Mulholland Drive
88%
90 (Tie) 2019 Bong Joon-Ho Parasite
88%
54 (Tie) 1982 Ridley Scott Blade Runner
86%
38 (Tie) 1954 Alfred Hitchcock Rear Window
85%
10 1951 Gene Kelly, Stanley Donen Singin' in the Rain
85%
36 (Tie) 1931 Charlie Chaplin City Lights
84%
45 (Tie) 1975 Stanley Kubrick Barry Lyndon
82%
63 (Tie) 1942 Michael Curtiz Casablanca
82%
75 (Tie) 2001 Hayao Miyazaki Spirited Away
82%
4 1953 Yasujiro Ozu Tokyo Story
82%
5 2000 Wong Kar Wai In the Mood for Love
81%
78 (Tie) 1936 Charlie Chaplin Modern Times
81%
95 (Tie) 2017 Jordan Peele Get Out
79%
88 (Tie) 1980 Stanley Kubrick The Shining
79%
85 (Tie) 1986 David Lynch Blue Velvet
78%
1 1975 Chantal Akerman Jeanne Dielman, 23 Quai du Commerce, 1080 Bruxelles
78%
67 (Tie) 1927 Fritz Lang Metropolis
78%
38 (Tie) 1959 Billy Wilder Some Like it Hot
78%
45 (Tie) 1959 Alfred Hitchcock North by Northwest
77%
43 (Tie) 1979 Andrei Tarkovsky Stalker
77%
54 (Tie) 1960 Billy Wilder The Apartment
77%
15 1956 John Ford The Searchers
77%
18 1966 Ingmar Bergman Persona
75%
41 (Tie) 1950 Akira Kurosawa Rashomon
74%
41 (Tie) 1948 Vittorio de Sica Bicycle Thieves
71%
7 1998 Claire Denis Beau Travail
70%
31 (Tie) 1975 Andrei Tarkovsky Mirror
70%
60 (Tie) 2016 Barry Jenkins Moonlight
70%
78 (Tie) 1950 Billy Wilder Sunset Boulevard
70%
67 (Tie) 1966 Andrei Tarkovsky Andrei Rublev
68%
50 (Tie) 1959 Francois Truffaut The 400 Blows
68%
21 (Tie) 1927 Carl Th. Dreyer The Passion of Joan of Arc
68%
90 (Tie) 1999 Edward Yang Yi Yi
68%
9 1929 Dziga Vertov Man with a Movie Camera
67%
95 (Tie) 1968 Sergio Leone Once Upon a Time in the West
67%
23 1967 Jacques Tati Playtime
67%
60 (Tie) 1960 Federico Fellini La Dolce Vita
66%
72 (Tie) 1988 Hayao Miyazaki My Neighbor Totoro
66%
17 1989 Abbas Kiarostami Close-Up
64%
30 2019 Celine Sciamma Portrait of a Lady on Fire
64%
54 (Tie) 1925 Sergei M. Einstein Battleship Potemkin
63%
35 1955 Satyajit Ray Pather Panchali
63%
78 (Tie) 1994 Bela Tarr Satantango
62%
26 1955 Charles Laughton The Night of the Hunter
62%
50 (Tie) 1992 Jane Campion The Piano
62%
88 (Tie) 1994 Wong Kar Wai Chungking Express
60%
14 1962 Agnes Varda Cleo from 5 to 7
60%
21 (Tie) 1949 Yausjiro Ozu Late Spring
60%
11 1927 FW Murnau Sunrise: A Song of Two Humans
60%
95 (Tie) 1926 Buster Keaton,Clyde Bruckman The General
60%
67 (Tie) 1948 Michael Powell, Emeric Pressburger The Red Shoes
60%
63 (Tie) 1949 Carol Reed The Third Man
58%
54 (Tie) 1924 Buster Keaton Sherlock, Jr.
56%
78 (Tie) 1991 Edward Yang A Brighter Summer Day
52%
48 (Tie) 1955 Carl Th. Dreyer Ordet
52%
95 (Tie) 1956 Robert Bresson A Man Escaped
48%
25 1966 Robert Bresson Au hasard Balthazar
48%
72 (Tie) 1960 Michaelangelo Antonioni L'Avventura
48%
28 1966 Vera Chytilova Daisies
47%
67 (Tie) 2000 Agnes Varda The Gleaners and I
41%
78 (Tie) 1946 Michael Powell, Emeric Pressburger A Matter of Life and Death
40%
67 (Tie) 1962 Chris Marker La Jetee
40%
52 (Tie) 1976 Chantal Akerman News from Home
40%
85 (Tie) 1965 Jean-Luc Godard Pierrot le Fou
40%
34 1934 Jean Vigo L'Atalante
38%
16 1943 Maya Deren, Alexander Hackenschmied Meshes of the Afternoon
38%
59 1982 Chris Marker Sans Soleil
38%
27 1985 Claude Lanzmann Shoah
38%
90 (Tie) 1963 Luchino Visconti The Leopard
38%
38 (Tie) 1960 Jean-Luc Godard A Bout de Souffle
36%
13 1939 Jean Renoir La Regle du Jeu
36%
45 (Tie) 1966 Gillo Pontecorvo The Battle of Algiers
36%
95 (Tie) 2004 Apichatpong Weerasethakul Tropical Malady
34%
95 (Tie) 1965 Ousmane Sembene Black Girl
32%
72 (Tie) 1954 Roberto Rossellini Journey to Italy
32%
54 (Tie) 1963 Jean-Luc Godard Le Mepris
32%
75 (Tie) 1954 Kenji Mizoguchi Sansho the Bailiff
30%
48 (Tie) 1970 Barbara Loden Wanda
29%
43 (Tie) 1977 Charles Burnett Killer of Sheep
27%
66 1973 Djibril Diop Mambety Touki Bouki
26%
78 (Tie) 1974 Jacques Rivette Celine and Julie Go Boating
22%
75 (Tie) 1959 Douglas Sirk Imitation of Life
19%
60 (Tie) 1991 Julie Dash Daughters of the Dust
18%
52 (Tie) 1974 Rainer Werner Fassbinder Fear Eats the Soul
18%
90 (Tie) 1953 Max Ophuls Madame de...
18%
90 (Tie) 1953 Kenji Mizoguchi Ugetsu Monogatari
18%
78 (Tie) 1988 Jean-Luc Godard Histoire(s) du Cinema
16%
85 (Tie) 1973 Victor Erice The Spirit of the Beehives
4%
No matching quizzes found
Score Distribution
Percent of People with Each Score
Percentile by Number Answered
Your Score History
You have not taken this quiz